[Event "FIDE World Uni Blitz-D 1st"]
[Site "Tornelo INT"]
[Date "2021.03.13"]
[Round "3.1"]
[White "Gabuzyan, Hovhannes"]
[Black "Zielinski, Maciej"]
[Result "1-0"]
[WhiteElo "2557"]
[BlackElo "2197"]
[PlyCount "59"]
[EventDate "2021.03.13"]
[EventType "swiss (blitz)"]
[EventRounds "10"]
[EventCountry "NET"]
[SourceTitle "EXT 2022"]
[Source "ChessBase"]
[SourceDate "2021.10.06"]
[SourceVersion "1"]
[SourceVersionDate "2021.10.06"]
[SourceQuality "1"]

1. Nf3 d5 2. g3 c5 3. Bg2 Nc6 4. 0-0 g6 5. c4 d4 6. d3 Bg7 7. e3 e6 8. exd4 cxd4 9. Re1 Nge7 10. h4 0-0 11. h5 Nf5 12. a3 a5 13. Nbd2 Nd6 14. c5 Nf5 15. Nc4 a4 16. Bf4 Bd7 17. Rc1 Na5 18. Nxa5 Rxa5 19. Qd2 Bc6 20. h6 Bh8 21. Bg5 Qa8 22. g4 f6 23. Bf4 Ne7 24. Rxe6 Nd5 25. Bd6 Rf7 26. Nxd4 f5 27. Nxc6 bxc6 28. Rce1 Nf6 29. g5 Nd7 30. Re8+ 1-0

[Event "FIDE World Uni Blitz-D 1st"]
[Site "Tornelo INT"]
[Date "2021.03.13"]
[Round "6.33"]
[White "Zielinski, Maciej"]
[Black "Radostev, Dmitry"]
[Result "1-0"]
[WhiteElo "2197"]
[BlackElo "1889"]
[PlyCount "81"]
[EventDate "2021.03.13"]
[EventType "swiss (blitz)"]
[EventRounds "10"]
[EventCountry "NET"]
[SourceTitle "EXT 2022"]
[Source "ChessBase"]
[SourceDate "2021.10.06"]
[SourceVersion "1"]
[SourceVersionDate "2021.10.06"]
[SourceQuality "1"]

1. d4 Nf6 2. c4 e6 3. Nc3 Bb4 4. Qb3 c5 5. e3 b6 6. Nf3 Bb7 7. Be2 Nc6 8. 0-0 0-0 9. a3 Bxc3 10. bxc3 Qc7 11. Rd1 d5 12. cxd5 exd5 13. dxc5 bxc5 14. c4 Na5 15. Qc2 Nxc4 16. Bxc4 dxc4 17. Bb2 Bxf3 18. gxf3 Qc6 19. Qf5 Ne8 20. Rac1 Rb8 21. Be5 Rb3 22. Rxc4 Rxa3 23. Rdc1 Nd6 24. Bxd6 Qxd6 25. Rxc5 Ra2 26. Rc8 g6 27. Qg4 Rxc8 28. Rxc8+ Kg7 29. Qc4 Ra1+ 30. Kg2 Qf6 31. h4 h5 32. Rc6 Qe5 33. f4 Qf5 34. Qc3+ f6 35. Rc7+ Kh6 36. Qxa1 Qg4+ 37. Kf1 Qxh4 38. Ke2 Qg4+ 39. Kd2 Qf5 40. Qd4 Qb5 41. Qc5 1-0

[Event "POL-chT Academic"]
[Site "Katowice"]
[Date "2018.02.04"]
[Round "7.20"]
[White "Zielinski, Maciej"]
[Black "Eggink, Ryszard"]
[Result "0-1"]
[WhiteElo "2197"]
[BlackElo "2343"]
[PlyCount "104"]
[EventDate "2018.02.03"]
[EventType "team-swiss (rapid)"]
[EventRounds "9"]
[EventCountry "POL"]
[SourceTitle "CBM 182 Extra"]
[Source "ChessBase"]
[SourceDate "2018.02.23"]
[SourceVersion "1"]
[SourceVersionDate "2018.02.23"]
[SourceQuality "1"]
[WhiteTeam "Gdansk PG"]
[BlackTeam "Warszawa UW"]
[WhiteTeamCountry "POL"]
[BlackTeamCountry "POL"]

1. e4 c5 2. Nf3 d6 3. Bb5+ Bd7 4. Bxd7+ Qxd7 5. 0-0 Nc6 6. c3 Nf6 7. Re1 g6 8. d4 cxd4 9. cxd4 Bg7 10. Nc3 0-0 11. Bg5 h6 12. Bh4 Rfd8 13. Qd2 g5 14. Bg3 Nh5 15. Ne2 Nxg3 16. Nxg3 g4 17. d5 gxf3 18. dxc6 bxc6 19. Nf5 Rab8 20. Qf4 e6 21. Nxg7 Kxg7 22. Re3 e5 23. Qxf3 Qe6 24. b3 Kh7 25. Rc1 Rbc8 26. Qh5 Rg8 27. Rf3 Rg6 28. Qf5 Qxf5 29. Rxf5 Kg7 30. Rf3 Rg4 31. Re3 Kf6 32. f3 Rg6 33. Rec3 c5 34. b4 Rcg8 35. g3 cxb4 36. Rc7 a5 37. Ra7 Kg7 38. Rcc7 Rf6 39. Kg2 Rb8 40. Rab7 Rd8 41. Rb5 Ra8 42. Rd5 Ra6 43. Rb7 Rc6 44. Rd2 Rc3 45. Rf2 Ra3 46. Ra7 Re6 47. Ra6 d5 48. Rxe6 fxe6 49. Kh3 Kf6 50. Kg4 a4 51. f4 dxe4 52. Re2 e3 0-1

[Event "EU-ch blitz"]
[Site "Katowice"]
[Date "2017.12.15"]
[Round "4"]
[White "Zielinski, Maciej"]
[Black "Skliarov, Viktor"]
[Result "0-1"]
[WhiteElo "2197"]
[BlackElo "2353"]
[PlyCount "62"]
[EventDate "2017.12.15"]
[EventType "swiss (blitz)"]
[EventRounds "22"]
[EventCountry "POL"]
[SourceTitle "CBM 182 Extra"]
[Source "ChessBase"]
[SourceDate "2018.02.23"]
[SourceVersion "1"]
[SourceVersionDate "2018.02.23"]
[SourceQuality "1"]

1. e4 c5 2. Nf3 Nc6 3. d4 cxd4 4. Nxd4 Nf6 5. Nc3 e5 6. Ndb5 d6 7. Bg5 a6 8. Na3 b5 9. Bxf6 gxf6 10. Nd5 f5 11. Bd3 Be6 12. c4 Qa5+ 13. Qd2 Qxd2+ 14. Kxd2 Bh6+ 15. Ke1 Bxd5 16. exd5 Nd4 17. cxb5 e4 18. Be2 axb5 19. Rd1 b4 20. Rxd4 bxa3 21. b4 Ke7 22. Bb5 Rab8 23. Bc6 Bg7 24. Rc4 Rxb4 25. Rxb4 Bc3+ 26. Ke2 Bxb4 27. Rb1 Bc5 28. f3 Rg8 29. Kf1 exf3 30. g3 f4 31. Rb3 fxg3 0-1

[Event "POL-chT 2nd League"]
[Site "Jastrzebia Gora"]
[Date "2016.09.09"]
[Round "7.26"]
[White "Zielinski, Maciej"]
[Black "Siedlinski, Piotr"]
[Result "1-0"]
[WhiteElo "2111"]
[BlackElo "2107"]
[PlyCount "59"]
[EventDate "2016.09.03"]
[EventType "team-swiss"]
[EventRounds "9"]
[EventCountry "POL"]
[SourceTitle "EXT 2017"]
[Source "ChessBase"]
[SourceDate "2016.10.25"]
[SourceVersion "1"]
[SourceVersionDate "2016.10.25"]
[SourceQuality "1"]
[WhiteTeam "Gostynin Gostmat 83"]
[BlackTeam "Jaworzno JKSz MCKiS"]
[WhiteTeamCountry "POL"]
[BlackTeamCountry "POL"]

1. e4 d5 2. exd5 Qxd5 3. Nc3 Qa5 4. g3 Nf6 5. Bg2 c6 6. d4 Bf5 7. Nge2 e6 8. 0-0 Be7 9. h3 Nbd7 10. g4 Bg6 11. Nf4 Nd5 12. Ncxd5 cxd5 13. c4 dxc4 14. d5 e5 15. d6 Bd8 16. Bxb7 Rb8 17. Bc6 Rb6 18. Bxd7+ Kxd7 19. Nxg6 hxg6 20. Qf3 f6 21. Rd1 Rxd6 22. Be3 Bc7 23. Qb7 Rd8 24. b4 cxb3 25. axb3 Rxd1+ 26. Rxd1+ Ke7 27. Rc1 Rd7 28. Bc5+ Ke8 29. Qc6 Bb6 30. Qe6+ 1-0

[Event "POL-chT 2nd League"]
[Site "Jastrzebia Gora"]
[Date "2016.09.05"]
[Round "3.14"]
[White "Zielinski, Maciej"]
[Black "Lewtak, Damian"]
[Result "1/2-1/2"]
[WhiteElo "2111"]
[BlackElo "2333"]
[PlyCount "60"]
[EventDate "2016.09.03"]
[EventType "team-swiss"]
[EventRounds "9"]
[EventCountry "POL"]
[SourceTitle "EXT 2017"]
[Source "ChessBase"]
[SourceDate "2016.10.25"]
[SourceVersion "1"]
[SourceVersionDate "2016.10.25"]
[SourceQuality "1"]
[WhiteTeam "Gostynin Gostmat 83"]
[BlackTeam "Lodz Okucia Budowlane"]
[WhiteTeamCountry "POL"]
[BlackTeamCountry "POL"]

1. e4 e6 2. d4 d5 3. exd5 exd5 4. Bd3 Bd6 5. Nf3 Ne7 6. 0-0 0-0 7. Bg5 f6 8. Bh4 Bg4 9. Bg3 Nf5 10. Bxd6 Nxd6 11. Nbd2 Bf5 12. Bxf5 Nxf5 13. Re1 Qd7 14. Nf1 Na6 15. Ne3 Nxe3 16. Rxe3 Rfe8 17. Rxe8+ Rxe8 18. Qd2 Qb5 19. Re1 Rxe1+ 20. Qxe1 Kf7 21. b3 Qe8 22. Kf1 Qxe1+ 23. Kxe1 c6 24. Kd2 Ke6 25. c3 g5 26. Ne1 Nc7 27. Nd3 b6 28. g4 Kd6 29. f4 Ne6 30. Ke3 a5 1/2-1/2

[Event "POL-chT2"]
[Site "Poronin"]
[Date "2013.09.14"]
[Round "8"]
[White "Zielinski, Maciej"]
[Black "Butkiewicz, Lukasz"]
[Result "1-0"]
[WhiteElo "2083"]
[BlackElo "2435"]
[PlyCount "137"]
[EventDate "2013.09.06"]
[EventType "team-swiss"]
[EventRounds "9"]
[EventCountry "POL"]
[SourceTitle "EXT 2015"]
[Source "ChessBase"]
[SourceDate "2014.11.20"]
[SourceVersion "1"]
[SourceVersionDate "2014.11.20"]
[SourceQuality "1"]
[WhiteTeam "Kolbudy UKS Zawisza"]
[BlackTeam "Wisznia Mala OKSiR"]
[WhiteTeamCountry "POL"]
[BlackTeamCountry "POL"]

1. e4 g6 2. d4 Bg7 3. Nc3 c6 4. Nf3 d5 5. h3 Nf6 6. e5 Ne4 7. Nxe4 dxe4 8. Ng5 c5 9. Nxe4 cxd4 10. f4 Nc6 11. Bd3 0-0 12. a3 f6 13. exf6 exf6 14. 0-0 Ne7 15. Qf3 Be6 16. Bd2 f5 17. Ng5 Bd5 18. Qg3 Nc6 19. Rfe1 Qd7 20. h4 Rae8 21. h5 Qd6 22. Qh3 h6 23. hxg6 Rxe1+ 24. Rxe1 Qxg6 25. Nf3 Qg4 26. Nh4 Qxh3 27. gxh3 Be4 28. Bxe4 fxe4 29. Rxe4 d3 30. c3 Na5 31. Nf3 b5 32. a4 Rb8 33. Kf1 a6 34. Ke1 Nc4 35. axb5 axb5 36. b3 Na5 37. Re3 Rd8 38. Ne5 Nxb3 39. Rxd3 Rxd3 40. Nxd3 Nxd2 41. Kxd2 Kf7 42. Nc1 Kg6 43. Ne2 Bf8 44. Nd4 b4 45. cxb4 Bxb4+ 46. Ke3 Kf6 47. Ke4 h5 48. Ne2 Be1 49. Nc1 Bb4 50. Nd3 Bd6 51. Ne5 Bc7 52. Nc4 Kg6 53. Ne3 Bd6 54. Nd5 Bc5 55. Ke5 Ba3 56. Ke6 Bb2 57. Ne7+ Kh6 58. Nf5+ Kg6 59. Nh4+ Kh6 60. Nf3 Kg7 61. Ne5 Ba3 62. f5 Kh6 63. Nf7+ Kg7 64. f6+ Kg6 65. h4 Bb4 66. Ne5+ Kh6 67. Kf7 Be1 68. Ke8 Bb4 69. Nc6 1-0

[Event "POL-chT2"]
[Site "Poronin"]
[Date "2013.09.08"]
[Round "2.55"]
[White "Zielinski, Maciej"]
[Black "Licznerski, Lukasz"]
[Result "0-1"]
[WhiteElo "2083"]
[BlackElo "2338"]
[PlyCount "96"]
[EventDate "2013.09.06"]
[EventType "team-swiss"]
[EventRounds "9"]
[EventCountry "POL"]
[SourceTitle "EXT 2015"]
[Source "ChessBase"]
[SourceDate "2014.11.20"]
[SourceVersion "1"]
[SourceVersionDate "2014.11.20"]
[SourceQuality "1"]
[WhiteTeam "Kolbudy UKS Zawisza"]
[BlackTeam "Bydgoszcz Chemik"]
[WhiteTeamCountry "POL"]
[BlackTeamCountry "POL"]

1. Nf3 Nf6 2. d4 c5 3. g3 cxd4 4. Nxd4 e5 5. Nb3 d5 6. Bg2 Nc6 7. Bg5 Be6 8. 0-0 Be7 9. e3 Ne4 10. Bxe7 Qxe7 11. c4 dxc4 12. Na5 Nxa5 13. Qa4+ Nc6 14. Bxe4 0-0 15. Nc3 Rfc8 16. Rfd1 a6 17. Nd5 Bxd5 18. Rxd5 b5 19. Qd1 Rd8 20. Qf3 Rab8 21. Rxd8+ Nxd8 22. Rd1 g6 23. Bc2 Ne6 24. Qe4 Ng5 25. Qd5 Qf6 26. Kg2 e4 27. Bxe4 Nxe4 28. Qxe4 Qxb2 29. Rd4 Rf8 30. Qe7 h5 31. g4 hxg4 32. Rxg4 Qg7 33. h4 f5 34. Qe6+ Kh7 35. Rd4 Rf6 36. Qe8 Rf7 37. Qc8 Rc7 38. Qxa6 c3 39. Qa3 c2 40. Qc1 Qf7 41. Rd6 Qe7 42. Rd4 Qe6 43. h5 gxh5 44. a3 Rc4 45. Rxc4 Qxc4 46. a4 b4 47. a5 Qg4+ 48. Kh2 Qd1 0-1

[Event "POL-chT2"]
[Site "Poronin"]
[Date "2013.09.07"]
[Round "1.49"]
[White "Kalinin, Oleg"]
[Black "Zielinski, Maciej"]
[Result "1/2-1/2"]
[WhiteElo "2328"]
[BlackElo "2083"]
[PlyCount "163"]
[EventDate "2013.09.06"]
[EventType "team-swiss"]
[EventRounds "9"]
[EventCountry "POL"]
[SourceTitle "EXT 2015"]
[Source "ChessBase"]
[SourceDate "2014.11.20"]
[SourceVersion "1"]
[SourceVersionDate "2014.11.20"]
[SourceQuality "1"]
[WhiteTeam "Czerwionka Leszczyny Skoczek"]
[BlackTeam "Kolbudy UKS Zawisza"]
[WhiteTeamCountry "POL"]
[BlackTeamCountry "POL"]

1. d4 Nf6 2. Nf3 e6 3. g3 c5 4. Bg2 Nc6 5. 0-0 d5 6. c4 dxc4 7. Ne5 Bd7 8. Na3 cxd4 9. Naxc4 Be7 10. Qb3 Qc8 11. Bf4 0-0 12. Rfc1 Nd5 13. Nxc6 Bxc6 14. Be5 Qd8 15. Rd1 Bf6 16. Bxd4 Bxd4 17. Rxd4 Qf6 18. Rad1 a5 19. e4 Nb4 20. a3 Na6 21. Nxa5 Nc5 22. Qb4 Rxa5 23. Qxa5 Nb3 24. Qc3 Nxd4 25. Qxd4 Qxd4 26. Rxd4 e5 27. Rd2 f6 28. f3 Kf7 29. Kf2 Ke7 30. Ke3 Ra8 31. Bf1 Ra4 32. Rc2 Kd6 33. Rd2+ Ke7 34. Be2 Ra5 35. Bc4 b6 36. Rd3 Ba4 37. Kd2 Ra7 38. Kc3 Bd7 39. Rd2 Ra8 40. Bb3 Rc8+ 41. Kb4 Rc1 42. Rd1 Rc8 43. Bc4 h6 44. b3 g5 45. a4 h5 46. h4 g4 47. Rf1 gxf3 48. Rxf3 Bc6 49. Re3 Rd8 50. Bd3 Rd4+ 51. Kc3 Be8 52. Re1 Bc6 53. Bc2 Rd8 54. Bd3 Rd4 55. Re2 Rd8 56. Re3 Rd4 57. Bc2 Rd8 58. b4 Rc8 59. Kb2 Rd8 60. Rc3 Rd6 61. Ka3 Bd7 62. Rd3 Rc6 63. Bb3 Rc1 64. a5 bxa5 65. bxa5 Rc5 66. Ba4 Be6 67. Kb4 Rc4+ 68. Kb5 Rxe4 69. Bb3 Bd7+ 70. Kc5 Re1 71. a6 Rc1+ 72. Kb6 Rc6+ 73. Kb7 Rd6 74. Rc3 Bh3 75. Rc7+ Kd8 76. Rc2 Bf5 77. Rc4 Rxa6 78. Kxa6 Bd3 79. Kb5 f5 80. Bd1 f4 81. gxf4 exf4 82. Bxh5 1/2-1/2

[Event "POL-ch U18"]
[Site "Szczyrk"]
[Date "2013.??.??"]
[Round "8"]
[White "Faron, Rafal"]
[Black "Zielinski, Maciej"]
[Result "0-1"]
[WhiteElo "1894"]
[BlackElo "2091"]
[PlyCount "92"]
[EventDate "2013.03.17"]
[EventType "swiss"]
[EventRounds "9"]
[EventCountry "POL"]
[SourceTitle "CBM 153 Extra"]
[Source "ChessBase"]
[SourceDate "2013.04.22"]
[SourceVersion "1"]
[SourceVersionDate "2013.04.22"]
[SourceQuality "1"]

1. d4 Nf6 2. c4 c5 3. Nf3 cxd4 4. Nxd4 Nc6 5. Nc3 g6 6. e4 Bg7 7. Be3 Ng4 8. Nxc6 Nxe3 9. Nxd8 Nxd1 10. Kxd1 Bxc3 11. Nxf7 Bxb2 12. Rb1 Kxf7 13. Rxb2 d6 14. Bd3 b6 15. Kd2 Be6 16. f4 Rhc8 17. Rc2 Rc5 18. h4 Rac8 19. Rhc1 Kf6 20. Ke3 h6 21. g3 g5 22. hxg5+ hxg5 23. Kd4 Kg7 24. Re1 Bf7 25. e5 dxe5+ 26. Rxe5 Rd8+ 27. Ke3 gxf4+ 28. gxf4 Rxe5+ 29. fxe5 Rxd3+ 30. Kxd3 Bg6+ 31. Kc3 Bxc2 32. Kxc2 Kg6 33. Kc3 Kf5 34. Kd4 e6 35. c5 bxc5+ 36. Kxc5 Kxe5 37. a4 Kf4 38. a5 e5 39. a6 e4 40. Kc6 e3 41. Kb7 e2 42. Kxa7 e1Q 43. Kb7 Qe7+ 44. Kb8 Qd8+ 45. Kb7 Qd7+ 46. Ka8 Qc7 0-1

[Event "POL-ch U18"]
[Site "Szczyrk"]
[Date "2013.??.??"]
[Round "7"]
[White "Zielinski, Maciej"]
[Black "Dzierzak, Radoslaw"]
[Result "1-0"]
[WhiteElo "2091"]
[BlackElo "1912"]
[PlyCount "83"]
[EventDate "2013.03.17"]
[EventType "swiss"]
[EventRounds "9"]
[EventCountry "POL"]
[SourceTitle "CBM 153 Extra"]
[Source "ChessBase"]
[SourceDate "2013.04.22"]
[SourceVersion "1"]
[SourceVersionDate "2013.04.22"]
[SourceQuality "1"]

1. e4 c5 2. Nf3 e6 3. d4 cxd4 4. Nxd4 Nc6 5. Nc3 Qc7 6. Be2 Nf6 7. 0-0 a6 8. a4 Bb4 9. Nxc6 bxc6 10. Bd3 d5 11. Qf3 Bd6 12. h3 Bb7 13. Re1 0-0 14. a5 d4 15. Na4 Qxa5 16. Qe2 Bb4 17. Rf1 e5 18. Bg5 Be7 19. b3 Qc7 20. Bxf6 Bxf6 21. Nc5 a5 22. Nxb7 Qxb7 23. Bc4 Be7 24. f4 exf4 25. Rxf4 Bg5 26. Rf5 Be3+ 27. Kh1 Qb4 28. Qf3 Ra7 29. Rf1 Qe7 30. Qh5 Qe8 31. Rxa5 g6 32. Qe5 Rxa5 33. Qxa5 Qxe4 34. Qc7 Qe8 35. Qd6 Kg7 36. Qf6+ Kh6 37. Qh4+ Kg7 38. Qf6+ Kh6 39. Qh4+ Kg7 40. Qf6+ Kh6 41. Rf5 Qd7 42. g4 1-0

[Event "POL-ch U18"]
[Site "Szczyrk"]
[Date "2013.??.??"]
[Round "1"]
[White "Zielinski, Maciej"]
[Black "Lopuszanski, Kamil"]
[Result "1/2-1/2"]
[WhiteElo "2091"]
[BlackElo "1870"]
[PlyCount "94"]
[EventDate "2013.03.17"]
[EventType "swiss"]
[EventRounds "9"]
[EventCountry "POL"]
[SourceTitle "CBM 153 Extra"]
[Source "ChessBase"]
[SourceDate "2013.04.22"]
[SourceVersion "1"]
[SourceVersionDate "2013.04.22"]
[SourceQuality "1"]

1. d4 Nf6 2. c4 e6 3. Nc3 b6 4. Nf3 Be7 5. e4 Bb7 6. d5 0-0 7. Bd3 d6 8. 0-0 e5 9. Rb1 Nbd7 10. b4 Ne8 11. Qc2 g6 12. Bh6 Ng7 13. Ne2 Bf6 14. Nc1 a5 15. a3 Re8 16. Nb3 Qc8 17. Rfc1 Nh5 18. Be3 Nf4 19. Bf1 axb4 20. axb4 c5 21. dxc6 Qxc6 22. c5 dxc5 23. bxc5 Rec8 24. Qd2 Nxc5 25. Bxc5 bxc5 26. Nxc5 Rcb8 27. Nxb7 Qxe4 28. Rb4 Qf5 29. Nd6 Qg4 30. Rxb8+ Rxb8 31. Kh1 Rd8 32. Ne4 Be7 33. Qc2 Qf5 34. Qc4 Nh3 35. gxh3 Qxf3+ 36. Bg2 Qf4 37. Re1 Kg7 38. Qe2 f5 39. Ng3 e4 40. Qe3 Qxe3 41. fxe3 Bc5 42. h4 Rd3 43. Bh3 Kf6 44. Rf1 Ke7 45. h5 Bxe3 46. Nxf5+ gxf5 47. Bxf5 Rc3 1/2-1/2

[Event "POL-chT 2nd League"]
[Site "Lazy"]
[Date "2012.09.08"]
[Round "8"]
[White "Zielinski, Maciej"]
[Black "Nguyen, Piotr"]
[Result "0-1"]
[WhiteElo "2073"]
[BlackElo "2382"]
[PlyCount "74"]
[EventDate "2012.09.01"]
[EventType "team-swiss"]
[EventRounds "9"]
[EventCountry "POL"]
[SourceTitle "EXT 2019"]
[Source "ChessBase"]
[SourceDate "2018.10.10"]
[SourceVersion "1"]
[SourceVersionDate "2018.10.10"]
[SourceQuality "1"]
[WhiteTeam "Kolbudy UKS Zawisza"]
[BlackTeam "Gostynin Gostmat 83"]
[WhiteTeamCountry "POL"]
[BlackTeamCountry "POL"]

1. e4 e6 2. d4 d5 3. Nd2 Nc6 4. Ngf3 Nf6 5. e5 Nd7 6. c3 f6 7. Bb5 fxe5 8. dxe5 a6 9. Bxc6 bxc6 10. Nb3 a5 11. Bg5 Be7 12. Nbd4 Nb8 13. Qd2 c5 14. Nb3 Nd7 15. Bxe7 Qxe7 16. 0-0 0-0 17. Qg5 Qxg5 18. Nxg5 Ra6 19. Rfe1 Rb6 20. Rab1 Ba6 21. Nxa5 h6 22. Nf3 Bd3 23. Rbd1 Ra8 24. Rxd3 Rxa5 25. Rb1 Rxa2 26. Rd2 c4 27. Re2 Nc5 28. Nd4 Na4 29. Rc1 c5 30. Nf3 Rbxb2 31. Rxb2 Nxb2 32. h4 Nd3 33. Rb1 Rxf2 34. Rb8+ Kh7 35. Re8 d4 36. h5 Rxf3 37. gxf3 dxc3 0-1

[Event "POL-chT 2nd League"]
[Site "Lazy"]
[Date "2012.09.06"]
[Round "6"]
[White "Zielinski, Maciej"]
[Black "Khamidov, Komil"]
[Result "1-0"]
[WhiteElo "2073"]
[BlackElo "2113"]
[PlyCount "111"]
[EventDate "2012.09.01"]
[EventType "team-swiss"]
[EventRounds "9"]
[EventCountry "POL"]
[SourceTitle "EXT 2019"]
[Source "ChessBase"]
[SourceDate "2018.10.10"]
[SourceVersion "1"]
[SourceVersionDate "2018.10.10"]
[SourceQuality "1"]
[WhiteTeam "Kolbudy UKS Zawisza"]
[BlackTeam "Wroclaw KS Polonia"]
[WhiteTeamCountry "POL"]
[BlackTeamCountry "POL"]

1. e4 e5 2. Nf3 Nc6 3. Bb5 Nge7 4. 0-0 g6 5. c3 Bg7 6. d4 exd4 7. cxd4 d5 8. exd5 Nxd5 9. Re1+ Be6 10. Bxc6+ bxc6 11. Bg5 Qb8 12. Qd2 h6 13. Bh4 0-0 14. Nc3 c5 15. dxc5 Nxc3 16. bxc3 Qb5 17. Nd4 Qxc5 18. Nxe6 fxe6 19. Rac1 Rab8 20. Bg3 e5 21. h3 Rb6 22. Rc2 Rfb8 23. Kh2 Kh7 24. Qe3 Qxe3 25. Rxe3 Rb2 26. Rxb2 Rxb2 27. a4 Ra2 28. Re4 c6 29. f3 h5 30. Kg1 Ra3 31. Rc4 e4 32. fxe4 Rxc3 33. Rxc3 Bxc3 34. Kf1 Kg7 35. Ke2 Kf6 36. Kd3 Bb4 37. Kc4 a5 38. Bc7 Ke6 39. Bg3 Bd2 40. Bc7 Bb4 41. Bg3 Kd7 42. Be5 Ke6 43. Bg7 Kf7 44. Bc3 c5 45. Be5 Ke6 46. Bf4 Ba3 47. Bc7 Bb4 48. Kb5 Kf6 49. Bxa5 Bxa5 50. Kxa5 Ke5 51. Kb5 Kd4 52. a5 c4 53. a6 c3 54. a7 c2 55. a8Q c1Q 56. Qd5+ 1-0

[Event "POL-chT 2nd League"]
[Site "Lazy"]
[Date "2012.09.02"]
[Round "2"]
[White "Tustanowski, Robert"]
[Black "Zielinski, Maciej"]
[Result "1/2-1/2"]
[WhiteElo "2304"]
[BlackElo "2073"]
[PlyCount "87"]
[EventDate "2012.09.01"]
[EventType "team-swiss"]
[EventRounds "9"]
[EventCountry "POL"]
[SourceTitle "EXT 2019"]
[Source "ChessBase"]
[SourceDate "2018.10.10"]
[SourceVersion "1"]
[SourceVersionDate "2018.10.10"]
[SourceQuality "1"]
[WhiteTeam "Prudnik LKS Zarzewie"]
[BlackTeam "Kolbudy UKS Zawisza"]
[WhiteTeamCountry "POL"]
[BlackTeamCountry "POL"]

1. e4 e5 2. Nf3 Nc6 3. Bc4 Nf6 4. d3 Bc5 5. Nc3 d6 6. Be3 Bb6 7. a3 Be6 8. 0-0 0-0 9. Bxe6 fxe6 10. Bxb6 axb6 11. d4 exd4 12. Nxd4 Nxd4 13. Qxd4 e5 14. Qc4+ Kh8 15. Rad1 Qe7 16. Rd3 Qf7 17. Qxf7 Rxf7 18. a4 Kg8 19. g3 Nd7 20. Kg2 Nc5 21. Rd2 Ne6 22. b3 g6 23. Nd5 Raf8 24. h4 h5 25. f3 Kg7 26. Rdf2 Nc5 27. Nc3 Ne6 28. b4 Ra8 29. f4 exf4 30. gxf4 Raf8 31. Kg3 Nd4 32. Nd5 c6 33. Nc3 d5 34. exd5 Nf5+ 35. Kh3 Ne3 36. Re1 Nxd5 37. Nxd5 cxd5 38. Kg3 Rc8 39. Re6 Rc6 40. Rxc6 bxc6 41. c3 Ra7 42. Ra2 Kf6 43. a5 bxa5 44. Rxa5 1/2-1/2

[Event "Gdansk op 14th"]
[Site "Gdansk"]
[Date "2012.07.28"]
[Round "8"]
[White "Gluszko, Monika"]
[Black "Zielinski, Maciej"]
[Result "0-1"]
[WhiteElo "2015"]
[BlackElo "2096"]
[PlyCount "46"]
[EventDate "2012.07.22"]
[EventType "swiss"]
[EventRounds "9"]
[EventCountry "POL"]
[SourceTitle "CBM 149 Extra"]
[Source "ChessBase"]
[SourceDate "2012.08.24"]
[SourceVersion "1"]
[SourceVersionDate "2012.08.24"]
[SourceQuality "1"]

1. e4 e5 2. Nf3 Nc6 3. Bc4 Bc5 4. c3 Nf6 5. d3 d6 6. Bb3 0-0 7. Bg5 h6 8. Bh4 Be6 9. Nbd2 a6 10. Nf1 Re8 11. Ne3 Ba7 12. h3 Nb8 13. Nh2 Nbd7 14. Nhg4 Bxe3 15. fxe3 Bxg4 16. hxg4 g5 17. Qf3 gxh4 18. Qf5 Kf8 19. Rxh4 Ke7 20. g5 hxg5 21. Rh7 d5 22. Qxg5 Rg8 23. Qh4 Rh8 0-1

[Event "Gdansk op 14th"]
[Site "Gdansk"]
[Date "2012.07.27"]
[Round "7"]
[White "Bobryk, Konrad"]
[Black "Zielinski, Maciej"]
[Result "0-1"]
[WhiteElo "1558"]
[BlackElo "2096"]
[PlyCount "74"]
[EventDate "2012.07.22"]
[EventType "swiss"]
[EventRounds "9"]
[EventCountry "POL"]
[SourceTitle "CBM 149 Extra"]
[Source "ChessBase"]
[SourceDate "2012.08.24"]
[SourceVersion "1"]
[SourceVersionDate "2012.08.24"]
[SourceQuality "1"]

1. d4 Nf6 2. c4 g6 3. Nc3 d5 4. cxd5 Nxd5 5. e4 Nxc3 6. bxc3 Bg7 7. Bc4 c5 8. Ne2 Nc6 9. Be3 0-0 10. 0-0 Qc7 11. Qd2 Rd8 12. Rac1 Qa5 13. Rfd1 Ne5 14. Bd3 Nxd3 15. Qxd3 Qxa2 16. Ra1 Qe6 17. d5 Qd6 18. Bf4 Be5 19. Bxe5 Qxe5 20. f4 Qc7 21. c4 Bg4 22. Rdb1 b6 23. g3 Bxe2 24. Qxe2 e6 25. Ra6 exd5 26. exd5 Re8 27. Qd3 Qd6 28. Rba1 Qf6 29. Kf2 Re7 30. Kf3 h5 31. h3 h4 32. g4 Rae8 33. R1a3 Qb2 34. Ra2 Qc1 35. R2a3 Qh1+ 36. Kf2 Qh2+ 37. Kf3 Qg3# 0-1

[Event "Gdansk op 14th"]
[Site "Gdansk"]
[Date "2012.07.23"]
[Round "3"]
[White "Dzikowski, Michal"]
[Black "Zielinski, Maciej"]
[Result "1/2-1/2"]
[WhiteElo "1857"]
[BlackElo "2096"]
[PlyCount "56"]
[EventDate "2012.07.22"]
[EventType "swiss"]
[EventRounds "9"]
[EventCountry "POL"]
[SourceTitle "CBM 149 Extra"]
[Source "ChessBase"]
[SourceDate "2012.08.24"]
[SourceVersion "1"]
[SourceVersionDate "2012.08.24"]
[SourceQuality "1"]

1. d4 Nf6 2. Bg5 Ne4 3. Bf4 c5 4. f3 Qa5+ 5. c3 Nf6 6. d5 d6 7. e4 g6 8. Nd2 Bg7 9. Bd3 Nbd7 10. g4 Rb8 11. a4 Ne5 12. Bxe5 dxe5 13. Bb5+ Nd7 14. Ne2 0-0 15. Ng3 Qc7 16. h4 a6 17. Bxd7 Bxd7 18. h5 b5 19. a5 c4 20. Qe2 Qc5 21. Qf2 Rfc8 22. Qxc5 Rxc5 23. Ke2 e6 24. dxe6 Bxe6 25. hxg6 hxg6 26. Rhb1 Bh6 27. Ngf1 b4 28. Ne3 Kg7 1/2-1/2

[Event "Ostroda op 8th"]
[Site "Ostroda"]
[Date "2011.08.10"]
[Round "8"]
[White "Zielinski, Maciej"]
[Black "Tvarijonas, Tomas"]
[Result "1/2-1/2"]
[WhiteElo "2060"]
[BlackElo "1992"]
[PlyCount "106"]
[EventDate "2011.08.04"]
[EventType "swiss"]
[EventRounds "9"]
[EventCountry "POL"]
[SourceTitle "CBM 143 Extra"]
[Source "ChessBase"]
[SourceDate "2011.08.29"]
[SourceVersion "1"]
[SourceVersionDate "2011.08.29"]
[SourceQuality "1"]

1. Nf3 Nf6 2. g3 d5 3. Bg2 c5 4. c4 d4 5. d3 Nc6 6. 0-0 e5 7. e3 Be7 8. exd4 exd4 9. h3 0-0 10. Re1 Bf5 11. Bf4 Qd7 12. Kh2 Bd6 13. Bxd6 Qxd6 14. Nh4 Bg6 15. Nxg6 hxg6 16. Nd2 Rae8 17. Qb3 b6 18. Nf3 Ne5 19. Qc2 Re7 20. Nxe5 Rxe5 21. Rxe5 Qxe5 22. Kg1 Re8 23. Kf1 Kf8 24. Qd2 Qd6 25. a3 Re5 26. b4 Nd7 27. b5 Qf6 28. Kg1 Qe7 29. Bf3 Re6 30. a4 Ne5 31. Bg2 Qf6 32. Re1 Kg8 33. f4 Nd7 34. Bd5 Re7 35. Re2 Qd6 36. Qe1 Kf8 37. Kg2 Nf6 38. Bc6 Nh5 39. Kf3 Nf6 40. Re5 a5 41. Rxe7 Qxe7 42. Qe5 Qxe5 43. fxe5 Ng8 44. Bd7 Ke7 45. Bc8 Kf8 46. Kf4 Ne7 47. Bd7 Kg8 48. h4 Kh7 49. g4 Kg8 50. Kg5 Kf8 51. Kf4 Kg8 52. Kg5 Kf8 53. Kf4 Kg8 1/2-1/2